000 00498 a2200157 4500
999 _c1652
_d1652
020 _a9788174092205
050 _aHE333 KAD 1978
100 _aKadiyali, L. R.
_eauthor
245 _aTraffic Engineering and Transport Planning/
_cL. R. Kadiyali
250 _a1st
264 _aDelhi
_bKhanna Publishers
_c1978
300 _a900p. :
_bill.
500 _aIncludes bibliographical references and index
650 _aTraffic engineering.
_xTransportation -- Planning.
942 _2lcc
_cBK
_e1st
_h333
_iKAD
_kHE